Physiologie du goût, ou Méditations de gastronomie transcendante... (Record no. 152732)

MARC details
000 -LEADER
campo de control de longitud fija 00892nam a2200229 i 4500
001 - NÚMERO DE CONTROL
campo de control 152732
003 - IDENTIFICADOR DE NÚMERO DE CONTROL
campo de control ES-MaACL
005 - FECHA Y HORA DE LA ÚLTIMA TRANSACCIÓN
campo de control 20250718063325.0
008 - DATOS DE LONGITUD FIJA--INFORMACIÓN GENERAL
campo de control de longitud fija 051018s1883 fr |||| | fre d
080 ## - NÚMERO DE LA CLASIFICACIÓN DECIMAL UNIVERSAL
Número de la Clasificación Decimal Universal 641.5(089.3)
100 1# - ENTRADA PRINCIPAL--NOMBRE DE PERSONA
Nombre de persona Brillat-Savarin, Jean Anthelme,
Fechas asociadas al nombre 1755-1826
9 (RLIN) 31738
245 10 - MENCIÓN DEL TÍTULO
Título Physiologie du goût, ou Méditations de gastronomie transcendante...
Resto del título : ouvrage théorique, historique et á l'ordre du jour... /
Mención de responsabilidad, etc. Brillat-Savarin.
246 30 - FORMA VARIANTE DEL TITULO
Título propio/Titulo breve Méditations de gastronomie transcendante
250 ## - MENCION DE EDICION
Mención de edición Nouvelle éd. précédée d'une notice.
260 ## - PUBLICACIÓN, DISTRIBUCIÓN, ETC.
Lugar de publicación, distribución, etc. Paris :
Nombre del editor, distribuidor, etc. E. Dentu, ed.,
Fecha de publicación, distribución, etc. 1883 (
Fabricante Jeanne Robert)
300 ## - DESCRIPCIÓN FÍSICA
Extensión VII, 308 p. ;
Dimensiones 17 cm.
650 04 - PUNTO DE ACCESO ADICIONAL DE MATERIA--TÉRMINO DE MATERIA
Término de materia o nombre geográfico como elemento de entrada Gastronomía-
Subdivisión de forma Curiosidades
9 (RLIN) 13037
700 1# - ENTRADA AGREGADA--NOMBRE PERSONAL
Nombre de persona Dentu, E.,
Término indicativo de función/relación
9 (RLIN) 230064
700 1# - ENTRADA AGREGADA--NOMBRE PERSONAL
Nombre de persona Robert, Jeanne.
9 (RLIN) 131879
852 ## - LOCALIZACIÓN
Ubicación ES-MaACL
Número de control de estantería G-9119
Nota libre . - Enc. pasta española
Holdings
Estatus retirado Estado de pérdida Estado de daño No para préstamo Colección Biblioteca de origen Biblioteca actual Ubicación en estantería Fecha de adquisición Fuente de adquisición Total de préstamos Signatura topográfica completa Código de barras Visto por última vez Precio de reemplazo Tipo de ítem Koha
        Libros del s. XIX Biblioteca del Ateneo de Madrid Biblioteca del Ateneo de Madrid Sala Pecera Planta 3 17/01/2008     G-9119 1159505 23/02/2023 23/02/2023 Libro impreso antiguo